| 000 | 00477nam a22001577a 4500 | ||
|---|---|---|---|
| 008 | 230622b |||||||| |||| 00| 0 eng d | ||
| 020 | _a0-273-01139-1 | ||
| 040 |
_aNational Science Library _cNational Science Library |
||
| 080 |
_a627.1/.2 _bL9 |
||
| 245 |
_aPrinciples of river engineering: _bThe non-tidal alluvial river |
||
| 260 |
_aLondon: _bPitman Publishing Ltd, _c1979 |
||
| 300 | _axv, 509p. | ||
| 650 | _aEngineering | ||
| 700 | _aRiver models | ||
| 942 |
_2udc _cBK |
||
| 999 |
_c46181 _d46181 |
||